MARC

LEADER 00000nam0a2200000 4500
001 129184
005 20231031133218.0
035 |a (RuTPU)RU\TPU\book\139806 
090 |a 129184 
100 |a 20080121d1973 k y0rusy50 ca 
101 0 |a rus 
102 |a UA 
105 |a a z 001zy 
200 1 |a Использование адгезионных и адсорбционных процессов для удаления из воды взвесей и микроорганизмов  |f Академия наук Украинской ССР (АН УССР), Институт коллоидной химии и химии воды им. А. В. Думанского; под ред. Л. А. Кульского; п М. Н. Ротмистрова 
210 |a Киев  |c Наука думка  |d 1973 
215 |a 102 с.  |c ил. 
320 |a Библиография в конце глав. 
610 1 |a вода 
610 1 |a очистка 
610 1 |a обеззараживание 
610 1 |a адгезионные процессы 
610 1 |a адсорбционные процессы 
610 1 |a использование 
675 |a 628.16  |v 3 
702 1 |a Кульский  |b Л. А.  |g Леонид Адольфович  |4 340 
702 1 |a Ротмистров  |b М. Н.  |4 340 
712 0 2 |a Академия наук Украинской ССР (АН УССР)  |b Институт коллоидной химии и химии воды им. А. В. Думанского  |2 stltpush  |3 (RuTPU)RU\TPU\col\11823 
801 1 |a RU  |b 63413507  |c 20080121  |g PSBO 
801 2 |a RU  |b 63413507  |c 20081124  |g PSBO 
942 |c BK